| 000 | 00923nam a22002175i 4500 | ||
|---|---|---|---|
| 001 | 170563 | ||
| 003 | ES-MaACL | ||
| 005 | 20230906214410.0 | ||
| 008 | 090317s1914 fr |||| | fre d | ||
| 080 | _a821.133.1-2"19" | ||
| 100 | 1 |
_aBernard, Tristan. _928259 |
|
| 245 | 1 | 0 |
_aJeanne Doré _b: pièce en cinq actes et sept tableaux / _cpar Tristan Bernard. [La victime : pièce en trois actes / par Fernand Vandérem et Franc-Noahin. |
| 260 |
_a[Paris : _bL'Illustration, _c1914] |
||
| 300 |
_a23, 17 p. : _bil. ; _c30 cm. |
||
| 500 | _aPublicado en: La Petite Illustration : roman - théatre : revue hebdomaire, nº 65. Série théâtre, nº 39, 30 mai 1914. | ||
| 500 | _aLa segunda obra con portada y paginación propia. | ||
| 700 | 1 |
_aVandérem, Fernand. _9139642 |
|
| 700 | 0 |
_aFranc-Nohain. _952128 |
|
| 740 | 3 | _aLa victime. | |
| 852 |
_aES-MaACL _j2278-F-7 _9R.141185 _z.- Biblioteca Jacinto Martínez Lacalle |
||
| 999 |
_c170563 _d170563 |
||